Jesus and Judaism
Guardat en:
| Autor principal: | |
|---|---|
| Format: | Llibre |
| Idioma: | anglès |
| Publicat: |
Fortress Press
1985
|
| Etiquetes: |
Afegir etiqueta
Sense etiquetes, Sigues el primer a etiquetar aquest registre!
|
MARC
| LEADER | 00000nam a22000007a 4500 | ||
|---|---|---|---|
| 008 | 201215b ||||| |||| 00| 0 eng d | ||
| 020 | |a ISBN: 0-8006-0743-0 | ||
| 100 | |a SANDERS, E. P. | ||
| 245 | |a Jesus and Judaism |c E. P. Sanders |g xiv, 444p | ||
| 260 | |b Fortress Press |c 1985 |h Philadelphia: |i 680914 |l BT590 .Sa49 |m Jesus Christ – Attitude towards Judaism | ||
| 500 | |a “It includes bibliography and index “ | ||
| 942 | |a lcc |c BK |e Olagoke, M A |f 15/12/2020 | ||
| 952 | |0 0 |1 0 |2 lcc |4 0 |6 BT0590 S A49 |7 0 |9 492 |a HOL |b HOL |c AF |d 2020-12-15 |l 0 |o BT590 .Sa49 |p 2020-2220 |r 2020-12-15 00:00:00 |w 2020-12-15 |y BK | ||
| 999 | |c 258 |d 258 | ||